LIBRARY & INFORMATION CENTRE, KCAET, TAVANUR

ONLINE PUBLIC ACCESS CATALOGUE (OPAC)

Text book of RCC design (Record no. 16774)

MARC details
000 -LEADER
fixed length control field 00250nam a22001097a 4500
003 - CONTROL NUMBER IDENTIFIER
control field OSt
008 - FIXED-LENGTH DATA ELEMENTS--GENERAL INFORMATION
fixed length control field 210121b ||||| |||| 00| 0 eng d
082 ## - DEWEY DECIMAL CLASSIFICATION NUMBER
Classification number 624.18341
Item number DES/TE
100 ## - MAIN ENTRY--AUTHOR NAME
Personal name Deshpande, R S
245 ## - TITLE STATEMENT
Title Text book of RCC design
942 ## - ADDED ENTRY ELEMENTS (KOHA)
Koha item type Books
Holdings
Withdrawn status Lost status Damaged status Home library Current library Date acquired Full call number Accession Number Koha item type
      KAUAET KAUAET 21/01/2021 624.18341 DES/TE 3031 Books
free website counter